Знамената на държавите в Африка - Statistics

General Stats
  • This quiz has been taken 46 times
  • The average score is 29 of 54
Answer Stats
Picture Answer % Correct
Кот д'Ивоар
88%
Алжир
88%
Мадагаскар
85%
Камерун
85%
Нигер
81%
Тунис
81%
Мавритания
81%
Либия
81%
ЮАР
81%
Кения
81%
Египет
81%
ДР Конго
69%
Есватини
69%
Мозамбик
69%
Сейшели
65%
Либерия
65%
Буркина Фасо
62%
Габон
62%
Южен Судан
62%
Малави
62%
Еритрея
62%
Зимбабве
62%
Сомалия
62%
Ангола
62%
Комори
58%
Судан
58%
Танзания
54%
Ботсвана
54%
Мароко
54%
Уганда
54%
Чад
50%
Нигерия
50%
Намибия
46%
Етиопия
46%
Лесото
46%
Замбия
46%
Руанда
42%
Сао Томе и Принсипи
42%
Конго
38%
Екваториална Гвинея
38%
Кабо Верде
38%
Сенегал
38%
Бурунди
35%
Того
35%
Гана
35%
ЦАР
35%
Джибути
31%
Сиера Леоне
31%
Мавриций
31%
Мали
27%
Гвинея
23%
Бенин
19%
Гамбия
19%
Гвинея Бисау
15%
No matching quizzes found
Score Distribution
Percent of People with Each Score
Percentile by Number Answered
Your Score History
You have not taken this quiz